000 01392nam2a22002531 4500
001 v19\rc\1848962
005 20251118180105.0
035 _a(NLR Aleph) 004944424
090 _a5815751
_c5815751
100 _a20080221d1909 u y0rusy50 ca
101 0 _arus
102 _aRU
105 _ay z |||||
200 0 _a... за первый отчетный год
_eС 20 мая 1908 г. по 20 мая 1909 г.
210 _d1909
215 _a64 с.
461 0 _1001v19\rc\1848961
_12001#$aОтчет о деятельности Всесословного общества взаимопомощи на случай смерти и инвалидности с выдачей пожизненной пенсии...$v... за первый отчетный год
_95815747
_aВиленское всесословное о-во взаимопомощи на случай смерти и инвалидности
_cВильна
_d1909
_tОтчет о деятельности Всесословного общества взаимопомощи на случай смерти и инвалидности с выдачей пожизненной пенсии...
_v... за первый отчетный год
801 0 _aRU
_bNLR
_gpsbo
801 0 _aRU
_bRuMoRGB
_2psbo
801 1 _aRU
_bProSoft-M
_2rusmarc
852 _aNLR
_j18.287.7.174
899 _aRuMoRGB
_jU 9/557
942 _cBOOK
980 _aNB